000 00479nam a2200205Ia 4500
003 OSt
005 20260105130322.0
008 250729s1963 xx 000 0 und d
020 _a978-1015266179
040 _cAL
041 _aeng
082 _a030 EI
100 _aGrolier
_9227521
245 _aEncyclopeadia international
260 _aCanada,USA
_c1963
300 _a608p
650 _aEncyclopedia
_9227522
700 _aRao Digumurthi
_9227523
942 _2ddc
_cBED
999 _c237678
_d237678